Slavs in Fredegar medieval "gens" or narrative strategy? /

A szerző Fredegár kora középkori (VII. század közepe táján írott) művét vizsgálja tanulmányában Samo és a vend (szláv) probléma szempontjából. Megállapítása szerint Fredegár krónikáját egy vagy több személy írta, megállapítható egy narratív stratégia megléte. Fredegár tudatosan építi fel művét, így...

Teljes leírás

Elmentve itt :
Bibliográfiai részletek
Szerző: Curta Florin
További közreműködők: Fredegár
Dokumentumtípus: Cikk
Megjelent: University of Szeged, Magyar Medievisztikai Kutatócsoport Szeged 1996
Sorozat:Acta Universitatis Szegediensis : acta historica 103
Kulcsszavak:Szlávok története - középkor
Tárgyszavak:
Online Access:http://acta.bibl.u-szeged.hu/2820
LEADER 01917nab a2200241 i 4500
001 acta2820
005 20260202141936.0
008 161015s1996 hu o 000 hun d
022 |a 0324-6965 
040 |a SZTE Egyetemi Kiadványok Repozitórium  |b hun 
041 |a hun 
041 |a eng 
100 1 |a Curta Florin 
245 1 0 |a Slavs in Fredegar   |h [elektronikus dokumentum] :  |b medieval "gens" or narrative strategy? /  |c  Curta Florin 
260 |a University of Szeged, Magyar Medievisztikai Kutatócsoport  |b Szeged  |c 1996 
300 |a 3-20 
490 0 |a Acta Universitatis Szegediensis : acta historica  |v 103 
520 3 |a A szerző Fredegár kora középkori (VII. század közepe táján írott) művét vizsgálja tanulmányában Samo és a vend (szláv) probléma szempontjából. Megállapítása szerint Fredegár krónikáját egy vagy több személy írta, megállapítható egy narratív stratégia megléte. Fredegár tudatosan építi fel művét, így a szláv vonatkozású fejezetek több helyre kerültek, s a külföldi országokra vonatkozó „bevezető'" részben találhatók, amelyeket a belső, frank „ügyek" leírása követ. Fredegár az ausztráziai nemesség képviselőjeként elítélte az uralkodó Meroving dinasztiát, s a bomlást Dagobert uralkodása alatt kapcsolatba hozta Samo „szlávjaival". A szerző szerint Fredegár koncepciójában a hangsúly a „vallásról" (religio) a „népre" (gens) tevődött át. Fredegár tudatosan használja a népelnevezéseket; ha politikai képződményre utal, a vend és szklavin neveket, ha az etnikumot akarja hangsúlyozni territoriális értelemben, a szláv terminushoz folyamodik. 
650 4 |a Bölcsészettudományok 
650 4 |a Történettudomány és régészet 
695 |a Szlávok története - középkor 
700 0 3 |a Fredegár  
856 4 0 |u http://acta.bibl.u-szeged.hu/2820/1/historica_103_003-020.pdf  |z Dokumentum-elérés